[Event "DRUGA LIGA CENTRALNE SRBIJE 2013 - Istok"]
[Site "Zajecar"]
[Date "2013.10.11"]
[Round "2.11"]
[White "Popchev, Milko"]
[Black "Milovanovic, Srboljub"]
[Result "1-0"]
[WhiteElo "2413"]
[BlackElo "2222"]
[PlyCount "0"]
[EventDate "2013.10.10"]

1.b3 d5 2.Bb2 Nf6 3.Nf3 g6 4.e3 Bg7 5.c4 c6 6.Be2 O-O 7.O-O Bg4
8.d4 Nbd7 9.cxd5 cxd5 10.Nc3 Re8 11.h3 Bxf3 12.Bxf3 e6 13.Be2
a6 14.Qd3 Rc8 15.f4 Nb8 16.Bf3 Nc6 17.Rfc1 Nd7 18.Nd1 f5 19.Nf2
Bf8 20.Qe2 Qe7 21.Nd3 Na7 22.b4 b6 23.a3 Rxc1+ 24.Rxc1 Qd6 25.Ne5
Nb8 26.g4 fxg4 27.hxg4 Rc8 28.Rf1 Nac6 29.f5 Bg7 30.Qh2 Ne7 31.fxe6
Qxe6 32.Qe2 Nbc6 33.Nd3 g5 34.Nf2 Rf8 35.Re1 a5 36.b5 Nb8 37.e4
dxe4 38.Nxe4 h6 39.Ng3 Qd6 40.Nh5 Bxd4+ 41.Kg2 Bxb2 42.Qxb2 Rf7
43.Rd1 Qc7 44.Qd4 Qc8 45.Nf6+ Kh8 46.Nd5+ Kg8 47.Nf6+ Kh8 48.Rd2
Ng6 49.Be4 Nf4+ 50.Kh2 Kg7 51.Nh7+ Kg8 52.Qd8+ Qxd8 53.Rxd8+
Kg7 54.Rxb8 Re7 55.Bf5 Nd5 56.Kg1 h5 57.Nxg5 hxg4 58.Be4 Nc3
59.Bd3 Re3 60.Bc4 Na4 61.Rd8 Rxa3 62.Rd6 Rc3 63.Bd3 Kf8 64.Bf5
Ke7 65.Re6+ Kd8 66.Nf7+ Kc7 67.Re7+ 1-0

[Event "DRUGA LIGA CENTRALNE SRBIJE 2013 - Istok"]
[Site "Zajecar"]
[Date "2013.10.11"]
[Round "2.12"]
[White "Zivkovic, Marko"]
[Black "Kostic, Nebojsa"]
[Result "1-0"]
[WhiteElo "2172"]
[BlackElo "2284"]
[PlyCount "0"]
[EventDate "2013.10.10"]

1.d4 d6 2.Nf3 g6 3.e4 Nf6 4.Bd3 Bg7 5.O-O O-O 6.Re1 Bg4 7.h3
Bxf3 8.Qxf3 Nc6 9.c3 e5 10.d5 Ne7 11.g4 a6 12.Kh2 c6 13.c4 b5
14.b3 bxc4 15.bxc4 cxd5 16.cxd5 Nfxd5 17.exd5 e4 18.Qxe4 Bxa1
19.Qxe7 Qb6 20.Be3 Bd4 21.Qf6 Bxf6 22.Bxb6 Be5+ 23.Kg2 Rfb8 24.Bc7
Rb7 25.Rxe5 Rxc7 26.Re3 Raa7 27.Nd2 Kg7 28.Ne4 Re7 29.Nf6 Rxe3
30.fxe3 Rd7 31.Ne8+ Kf8 32.Nf6 1-0

[Event "DRUGA LIGA CENTRALNE SRBIJE 2013 - Istok"]
[Site "Zajecar"]
[Date "2013.10.11"]
[Round "2.13"]
[White "Djordjevic, Nebojsa"]
[Black "Kraguljac, Pero"]
[Result "1/2-1/2"]
[WhiteElo "2251"]
[BlackElo "2126"]
[PlyCount "0"]
[EventDate "2013.10.10"]

1.d4 Nf6 2.c4 g6 3.Nc3 Bg7 4.e4 O-O 5.f3 d6 6.Be3 Nc6 7.Bd3 Nd7
8.Nge2 e5 9.d5 Nd4 10.Nb5 Nxe2 11.Bxe2 a6 12.Nc3 f5 13.Qd2 Nf6
14.O-O-O fxe4 15.fxe4 Ng4 16.Bxg4 Bxg4 17.Rdf1 Qe7 18.h3 Bd7
19.Bh6 Rxf1+ 20.Rxf1 Rf8 21.Rxf8+ Qxf8 22.Bxg7 Kxg7 23.Kc2 h6
24.b4 Qf1 25.Qe2 Qf4 26.a4 h5 27.a5 h4 28.c5 Qf8 29.c6 bxc6 30.dxc6
Bxc6 31.Qxa6 Qf2+ 32.Kb3 Be8 33.Qe2 Qd4 34.Qb2 Bf7+ 35.Ka3 Qa7
36.Qd2 Qa6 37.Nd5 Qc4 38.Qb2 Qxe4 39.Nc3 Qa8 40.Qe2 Qc6 41.Kb2
Qc4 42.Qxc4 Bxc4 43.b5 Bf1 44.b6 cxb6 45.axb6 Bxg2 46.Nb5 g5
47.Nxd6 Kg6 48.Nc4 Kf6 49.Ne3 Bb7 50.Kc3 Ke6 51.Kd3 Kd7 52.Ng4
Kd6 53.Ne3 Kc5 54.Ng4 Kd6 55.Ne3 Kc5 56.Ng4 Kxb6 57.Nxe5 Kc5
58.Ke3 Bc8 59.Nf3 Bxh3 60.Nxg5 Bg4 61.Kf4 Bd7 62.Nf3 h3 63.Kg3
Kd5 64.Ng1 Ke5 65.Nxh3 Bxh3 66.Kxh3 1/2-1/2

[Event "DRUGA LIGA CENTRALNE SRBIJE 2013 - Istok"]
[Site "Zajecar"]
[Date "2013.10.11"]
[Round "2.14"]
[White "Lukic, Igor M"]
[Black "Djordjevic, Vuk **"]
[Result "1/2-1/2"]
[WhiteElo "2092"]
[BlackElo "2123"]
[PlyCount "0"]
[EventDate "2013.10.10"]

1.d4 Nf6 2.Nf3 e6 3.c4 b6 4.g3 Ba6 5.Qc2 Bb7 6.Nc3 Bb4 7.Bd2
O-O 8.Bg2 Bxc3 9.Bxc3 Be4 10.Qd2 d5 11.c5 bxc5 12.dxc5 c6 13.O-O
Nbd7 14.b4 Qe7 15.Rfc1 Rfc8 16.e3 e5 17.Qb2 Bxf3 18.Bxf3 Rcb8
19.Qd2 Qe6 20.Kg2 Ne8 21.Be2 Nc7 22.Bf1 a6 23.a3 Re8 24.Bb2 Kh8
25.Re1 f6 26.Rad1 Qf7 27.f3 Re7 28.Qc2 Rae8 29.Qa4 Nb8 1/2-1/2

[Event "DRUGA LIGA CENTRALNE SRBIJE 2013 - Istok"]
[Site "Zajecar"]
[Date "2013.10.11"]
[Round "2.15"]
[White "Petrov, Georgi"]
[Black "Pavlovic, Branka *"]
[Result "1-0"]
[WhiteElo "2219"]
[BlackElo "1838"]
[PlyCount "0"]
[EventDate "2013.10.10"]

1.Nf3 Nf6 2.c4 g6 3.b3 Bg7 4.Bb2 O-O 5.e3 d6 6.d4 Nbd7 7.Be2
c5 8.d5 a6 9.a4 Nh5 10.Bxg7 Nxg7 11.O-O f5 12.Qd2 Nf6 13.Nc3
Bd7 14.Rad1 Rb8 15.Rfe1 Qb6 16.Qc2 Rbe8 17.Bf1 Bc8 18.g3 Bd7
19.Bg2 Rb8 20.Nd2 Rbe8 21.f4 Rf7 22.Re2 Qd8 23.Rde1 Kh8 24.Qb2
Kg8 25.b4 Qb6 26.Rb1 Bc8 27.a5 Qc7 28.Na4 cxb4 29.Qxb4 Nd7 30.Nb6
Nxb6 31.Qxb6 e6 32.Ree1 Rfe7 33.e4 exd5 34.cxd5 Qc3 35.Qb4 Qf6
36.Rbc1 Rd8 37.Qb6 Qf8 38.e5 Qe8 39.e6 Qf8 40.Re3 Nh5 41.Rec3
Ree8 42.Qd4 Nf6 43.Nc4 b5 44.axb6 Bb7 45.Na5 Re7 46.Rc7 1-0

[Event "DRUGA LIGA CENTRALNE SRBIJE 2013 - Istok"]
[Site "Zajecar"]
[Date "2013.10.11"]
[Round "2.16"]
[White "Arandjelovic, Aleksandar Z"]
[Black "Djukic, Nebojsa"]
[Result "1/2-1/2"]
[WhiteElo "2068"]
[BlackElo "2177"]
[PlyCount "0"]
[EventDate "2013.10.10"]

1.d4 e6 2.c4 Nf6 3.Nc3 d5 4.cxd5 exd5 5.Bg5 Be7 6.e3 c6 7.Qc2
Nbd7 8.Bd3 O-O 9.Nf3 Re8 10.O-O Nf8 11.h3 g6 12.a3 Ne4 13.Bxe7
Qxe7 14.b4 a6 15.Rab1 Bf5 1/2-1/2

[Event "DRUGA LIGA CENTRALNE SRBIJE 2013 - Istok"]
[Site "Zajecar"]
[Date "2013.10.11"]
[Round "2.17"]
[White "Stoimenov, Roki"]
[Black "Stankovic, Sara"]
[Result "1-0"]
[WhiteElo "2053"]
[BlackElo "1434"]
[PlyCount "0"]
[EventDate "2013.10.10"]

1.Nf3 Nf6 2.g3 g6 3.Bg2 Bg7 4.d4 O-O 5.O-O d6 6.c4 Nc6 7.Nc3
e5 8.dxe5 Nxe5 9.Qb3 Rb8 10.Nxe5 dxe5 11.Qa3 a6 12.Rd1 Bd7 13.Bg5
Qc8 14.Nd5 Nxd5 15.cxd5 f6 16.Be3 b5 17.Rac1 Rd8 18.Qc5 Rb7 19.d6
c6 20.Bxc6 Bxc6 21.Qxc6 Qxc6 22.Rxc6 a5 23.Bb6 Rdd7 24.Rd5 Bf8
25.Rc7 Rbxc7 26.dxc7 Rxd5 27.c8Q Kg7 28.Qb7+ 1-0

[Event "DRUGA LIGA CENTRALNE SRBIJE 2013 - Istok"]
[Site "Zajecar"]
[Date "2013.10.11"]
[Round "2.21"]
[White "Raicevic, Ivica"]
[Black "Radosavljevic, Slobodan D"]
[Result "1/2-1/2"]
[WhiteElo "2264"]
[BlackElo "2213"]
[PlyCount "0"]
[EventDate "2013.10.10"]

1.Nf3 Nf6 2.c4 g6 3.Nc3 Bg7 4.g3 O-O 5.Bg2 d6 6.O-O c6 7.d4 Qa5
8.d5 cxd5 9.cxd5 Bd7 10.Nd4 Rc8 1/2-1/2

[Event "DRUGA LIGA CENTRALNE SRBIJE 2013 - Istok"]
[Site "Zajecar"]
[Date "2013.10.11"]
[Round "2.23"]
[White "Markovic, Marko"]
[Black "Komnenic, Branko"]
[Result "*"]
[WhiteElo "2292"]
[BlackElo "2276"]
[PlyCount "0"]
[EventDate "2013.10.10"]

1.e4 g6 2.d4 Bg7 3.Nf3 d6 4.Nc3 a6 5.a4 b6 6.Bc4 Nf6 7.Qe2 O-O
8.e5 Ne8 9.Bg5 Ra7 10.O-O h6 11.Bh4 c6 12.e6 f5 13.d5 *

[Event "DRUGA LIGA CENTRALNE SRBIJE 2013 - Istok"]
[Site "Zajecar"]
[Date "2013.10.11"]
[Round "2.24"]
[White "Popovic, Djordje D"]
[Black "Trifunovic, Miroljub"]
[Result "1-0"]
[WhiteElo "2228"]
[BlackElo "2263"]
[PlyCount "0"]
[EventDate "2013.10.10"]

1.d4 d5 2.c4 e6 3.Nc3 Be7 4.Nf3 Nf6 5.Bg5 h6 6.Bh4 O-O 7.e3 b6
8.cxd5 exd5 9.Qc2 Bb7 10.Bd3 c5 11.O-O Nc6 12.a3 c4 13.Bf5 a6
14.Ne5 Ne8 15.Bg3 Nxe5 16.dxe5 Nc7 17.Rfd1 Qe8 18.e4 dxe4 19.Bd7
Qb8 20.e6 f5 21.Be5 Ra7 22.Qe2 b5 23.Qe3 Bf6 24.Bxc7 1-0

[Event "DRUGA LIGA CENTRALNE SRBIJE 2013 - Istok"]
[Site "Zajecar"]
[Date "2013.10.11"]
[Round "2.25"]
[White "Zafirovski, Mite"]
[Black "Illijin, Neboisa"]
[Result "1-0"]
[WhiteElo "2256"]
[BlackElo "2166"]
[PlyCount "0"]
[EventDate "2013.10.10"]

1.d4 Nf6 2.c4 e6 3.g3 d5 4.Bg2 Be7 5.Nf3 O-O 6.O-O c6 7.Qc2 Nbd7
8.Bf4 b6 9.Rd1 Bb7 10.Nc3 c5 11.cxd5 exd5 12.Rac1 Rc8 13.dxc5
Bxc5 14.Qb1 Qe7 1-0

[Event "DRUGA LIGA CENTRALNE SRBIJE 2013 - Istok"]
[Site "Zajecar"]
[Date "2013.10.11"]
[Round "2.26"]
[White "Ivic, Matija **"]
[Black "Maksimovic, Boban"]
[Result "0-1"]
[WhiteElo "1923"]
[BlackElo "2194"]
[PlyCount "0"]
[EventDate "2013.10.10"]

1.c4 Nf6 2.g3 e5 3.Bg2 Bc5 4.d3 O-O 5.Nf3 Nc6 6.O-O d6 7.Nc3
a6 8.a3 h6 9.b4 Ba7 10.Bb2 Bg4 11.Nd5 Nxd5 12.cxd5 Ne7 13.Qb3
f5 14.Nxe5 Bxe2 15.Rfe1 Bh5 16.Nf3 f4 17.Nd4 fxg3 18.hxg3 Nf5
19.Nxf5 Rxf5 20.d4 Qf8 21.Qc2 Bf3 22.Bxf3 Rxf3 23.Qe2 Qf7 24.Rac1
Rf8 25.Rf1 Re8 26.Qc4 Bb6 27.a4 a5 28.bxa5 Bxa5 29.Qb5 Bd2 30.Rxc7
Qg6 31.Kg2 Rfe3 0-1

[Event "DRUGA LIGA CENTRALNE SRBIJE 2013 - Istok"]
[Site "Zajecar"]
[Date "2013.10.11"]
[Round "2.27"]
[White "Lazovic, Bozidar **"]
[Black "Ljuboja, Ognjen **"]
[Result "1/2-1/2"]
[WhiteElo "1829"]
[BlackElo "1810"]
[PlyCount "0"]
[EventDate "2013.10.10"]

1.e4 c5 2.Nc3 Nc6 3.Bb5 d6 4.Bxc6+ bxc6 5.d3 g6 6.Nge2 Bg7 7.O-O
Nf6 8.h3 O-O 9.Be3 Rb8 10.Na4 Qa5 11.b3 c4 12.Bd4 cxd3 13.cxd3
c5 14.Bc3 Qc7 15.Rc1 Qd7 16.Nf4 Bh6 17.Bd2 Bg7 18.Bc3 Bh6 19.Bd2
Bg7 1/2-1/2

[Event "DRUGA LIGA CENTRALNE SRBIJE 2013 - Istok"]
[Site "Zajecar"]
[Date "2013.10.11"]
[Round "2.28"]
[White "Ivanovic, Zoran M"]
[Black "Popovic, Branislav **"]
[Result "1-0"]
[WhiteElo "2115"]
[BlackElo "1774"]
[PlyCount "0"]
[EventDate "2013.10.10"]

1.e4 e6 2.d4 d5 3.Nd2 dxe4 4.Nxe4 Nd7 5.Bd3 Ngf6 6.Nf3 Be7 7.O-O
O-O 8.Qe2 c5 9.c3 Qc7 10.Neg5 b6 11.Nxe6 fxe6 12.Qxe6+ Kh8 13.Qxe7
Re8 14.Qf7 Rf8 15.Qe6 cxd4 16.cxd4 Bb7 17.Bg5 Rae8 18.Qh3 Ne4
19.Be3 Ndf6 20.Ne5 Kg8 21.Rac1 Qd6 22.Bc4+ Nd5 23.Qd7 Re7 24.Qxd6
Nxd6 25.Bb3 Kh8 26.Bg5 Re6 27.Nc6 h6 28.Bxd5 1-0

[Event "DRUGA LIGA CENTRALNE SRBIJE 2013 - Istok"]
[Site "Zajecar"]
[Date "2013.10.11"]
[Round "2.31"]
[White "Blagojevic, Vladan"]
[Black "Delchev, Aleksander"]
[Result "0-1"]
[WhiteElo "2148"]
[BlackElo "2643"]
[PlyCount "0"]
[EventDate "2013.10.10"]

1.e4 c5 2.Nf3 e6 3.d4 cxd4 4.Nxd4 a6 5.g3 d5 6.Bg2 dxe4 7.Bxe4
Nf6 8.Bg2 Bc5 9.c3 e5 10.Qe2 O-O 11.Nb3 Bb6 12.Bg5 h6 13.Bxf6
Qxf6 14.N1d2 Nc6 15.O-O Be6 16.Nc4 Ba7 17.Nbd2 Rad8 18.Kh1 Bd5
19.f4 exf4 20.Rxf4 Qe6 21.Re1 b5 22.Na3 Bxg2+ 23.Qxg2 0-1

[Event "DRUGA LIGA CENTRALNE SRBIJE 2013 - Istok"]
[Site "Zajecar"]
[Date "2013.10.11"]
[Round "2.32"]
[White "Mincic, Srbislav"]
[Black "Radovanovic, Nikola **"]
[Result "0-1"]
[WhiteElo "2244"]
[BlackElo "2295"]
[PlyCount "0"]
[EventDate "2013.10.10"]

1.e4 d6 2.d4 Nf6 3.Nc3 e5 4.Nf3 Nbd7 5.h3 c6 6.Be3 b5 7.Bd3 a6
8.Ne2 exd4 9.Nexd4 Bb7 10.c3 g6 11.Qb1 Bg7 12.O-O O-O 13.Ne2
Re8 14.Ng3 c5 15.Rd1 Qe7 16.Bf4 Ne5 17.Nxe5 dxe5 18.Be3 h5 19.f3
h4 20.Ne2 Nh5 21.Qc1 Bf6 22.c4 b4 23.Qd2 Ng7 24.Nc1 Ne6 25.Nb3
Bg5 26.Bxg5 Nxg5 27.Na5 Ne6 28.Qh6 Rab8 29.Nb3 Nf4 30.Bf1 Red8
31.Kf2 Ba8 32.Be2 Rb6 33.Rxd8+ Qxd8 34.Rd1 Qe7 35.Kf1 Rc6 0-1

[Event "DRUGA LIGA CENTRALNE SRBIJE 2013 - Istok"]
[Site "Zajecar"]
[Date "2013.10.11"]
[Round "2.33"]
[White "Radovic, Luka **"]
[Black "Trickovic, Borivoje"]
[Result "1/2-1/2"]
[WhiteElo "2089"]
[BlackElo "2259"]
[PlyCount "0"]
[EventDate "2013.10.10"]

1.Nf3 d6 2.g3 c6 3.Bg2 e5 4.d3 Be7 5.e4 Nf6 6.O-O h6 7.Nbd2 Be6
8.Re1 Qc7 9.a4 Nbd7 10.d4 O-O 11.b3 Rfe8 12.Bb2 Bg4 13.h3 Bxf3
14.Nxf3 Bf8 15.c4 Rad8 16.Qc2 c5 17.dxe5 dxe5 18.Rad1 Bd6 19.Nh4
g6 20.Qd2 Bf8 21.Qe3 Re6 22.f4 exf4 23.gxf4 Bg7 24.Qf3 Nf8 25.e5
Nh5 26.Rxd8 Qxd8 27.Qf2 Nxf4 28.Qxf4 g5 29.Qf5 gxh4 30.Rf1 Qe7
31.Bd5 Rg6+ 32.Kh1 Ne6 33.Be4 Nf8 34.Bd5 Ne6 35.Be4 Nf8 36.Bd5 1/2-1/2

[Event "DRUGA LIGA CENTRALNE SRBIJE 2013 - Istok"]
[Site "Zajecar"]
[Date "2013.10.11"]
[Round "2.34"]
[White "Dimitrijevic, Dusan *"]
[Black "Djuretanovic, Ivan"]
[Result "1-0"]
[WhiteElo "2048"]
[BlackElo "2033"]
[PlyCount "0"]
[EventDate "2013.10.10"]

1.d4 Nf6 2.c4 e5 3.dxe5 Ne4 4.Nc3 Bb4 5.Qc2 d5 6.cxd5 Qxd5 7.Bd2
Bxc3 8.Bxc3 Bf5 9.Qb3 Nxc3 10.bxc3 Qxe5 11.Nf3 Qc5 12.Nd4 Bc8
13.e4 O-O 14.Bc4 a6 15.a4 Nc6 16.Nxc6 Qxc6 17.O-O Qg6 18.Kh1
Qxe4 19.Rae1 Qg6 20.Re7 Bf5 21.Rfe1 h6 22.Qxb7 Qg4 23.Bxf7+ Kh8
24.Qxc7 Qxa4 25.Qe5 Qg4 26.f4 Bc2 27.Bh5 1-0

[Event "DRUGA LIGA CENTRALNE SRBIJE 2013 - Istok"]
[Site "Zajecar"]
[Date "2013.10.11"]
[Round "2.35"]
[White "Lazic, Milan B"]
[Black "Kostic, Aleksandar"]
[Result "1-0"]
[WhiteElo "1982"]
[BlackElo "1982"]
[PlyCount "0"]
[EventDate "2013.10.10"]

1.e4 e6 2.d4 d5 3.Nd2 Nf6 4.e5 Nfd7 5.Bd3 c5 6.c3 Nc6 7.Ne2 cxd4
8.cxd4 f6 9.Nf4 Nxd4 10.Qh5+ Ke7 11.Ng6+ hxg6 12.exf6+ Nxf6 13.Qxh8
Kf7 14.Qh4 e5 15.Nf3 Nc6 16.Ng5+ Kg8 17.Bxg6 Bb4+ 18.Kf1 Bd7
19.Bf7+ Kf8 20.Bxd5 Nxd5 21.Qh8+ Ke7 22.Qxg7+ 1-0

[Event "DRUGA LIGA CENTRALNE SRBIJE 2013 - Istok"]
[Site "Zajecar"]
[Date "2013.10.11"]
[Round "2.36"]
[White "Tonic, Milos"]
[Black "Dragojevic, Dragan"]
[Result "1/2-1/2"]
[WhiteElo "1988"]
[BlackElo "1960"]
[PlyCount "0"]
[EventDate "2013.10.10"]

1.c4 Nf6 2.Nc3 d5 3.cxd5 Nxd5 4.Nf3 c5 5.g3 e6 6.Bg2 Be7 7.O-O
Nc6 8.a3 O-O 9.e4 Nc7 10.d3 e5 11.Be3 Bg4 12.h3 Be6 13.Qe2 Qd7
14.Kh2 Rad8 15.Rfd1 Bb3 16.Rd2 f6 17.Nh4 Rfe8 18.Rc1 Ne6 19.Nf5
Bf8 20.Nd5 Ned4 21.Bxd4 Bxd5 22.Bc3 Be6 23.Ne3 b5 24.b4 cxb4
25.axb4 Bxb4 26.Bxb4 Nxb4 27.d4 exd4 28.Rcd1 d3 29.Qh5 a5 30.Bf1
Bb3 31.Rb1 Bc4 32.Nxc4 bxc4 33.Qxa5 c3 34.Qxb4 cxd2 35.Qxd2 Rxe4
36.Rd1 Rd4 1/2-1/2

[Event "DRUGA LIGA CENTRALNE SRBIJE 2013 - Istok"]
[Site "Zajecar"]
[Date "2013.10.11"]
[Round "2.41"]
[White "Dinic, Dragan"]
[Black "Garic, Radomir"]
[Result "1-0"]
[WhiteElo "2309"]
[BlackElo "2261"]
[PlyCount "0"]
[EventDate "2013.10.10"]

1.e4 c5 2.Nf3 Nc6 3.Bb5 g6 4.O-O Bg7 5.Nc3 Nf6 6.h3 O-O 7.d3
d6 8.Bxc6 bxc6 9.e5 Nd5 10.exd6 exd6 11.Ne4 Bf5 12.Re1 Qd7 13.c3
Rab8 14.Ng3 Rfe8 15.Rxe8+ Rxe8 16.d4 c4 17.Bd2 Nb6 18.Bf4 Bd3
19.Qd2 Be4 20.Nh2 h5 21.Re1 d5 22.Bh6 Bd3 23.Bxg7 Rxe1+ 24.Qxe1
Kxg7 25.Nf3 Qe6 26.Qd2 Qf6 27.Ne5 h4 28.Ne2 Bxe2 29.Qxe2 Qf4
30.Nxc6 Nd7 31.Qe3 Qf5 32.Qe7 Qf4 33.Qe1 Nf6 34.Ne5 Ne4 35.Ng4
g5 36.Ne3 Qd6 1-0

[Event "DRUGA LIGA CENTRALNE SRBIJE 2013 - Istok"]
[Site "Zajecar"]
[Date "2013.10.11"]
[Round "2.43"]
[White "Dodic, Dragan"]
[Black "Djokic, Nebojsa"]
[Result "1/2-1/2"]
[WhiteElo "2077"]
[BlackElo "2193"]
[PlyCount "0"]
[EventDate "2013.10.10"]

1.d4 Nf6 2.c4 g6 3.Nc3 Bg7 4.e4 d6 5.h3 O-O 6.Nf3 e5 7.d5 a5
8.Bg5 Na6 9.Be2 Nc5 10.Nd2 c6 11.O-O a4 12.b4 axb3 13.axb3 Rxa1
14.Qxa1 h6 1/2-1/2

[Event "DRUGA LIGA CENTRALNE SRBIJE 2013 - Istok"]
[Site "Zajecar"]
[Date "2013.10.11"]
[Round "2.44"]
[White "Djukic, Slobodan D"]
[Black "Rasic, Jovan **"]
[Result "1-0"]
[WhiteElo "2188"]
[BlackElo "2114"]
[PlyCount "0"]
[EventDate "2013.10.10"]

1.e4 g6 2.d4 Bg7 3.Nf3 d6 4.h3 Nd7 5.Nc3 e5 6.Bg5 Bf6 7.Bxf6
Ngxf6 8.Qd2 O-O 9.O-O-O Re8 10.dxe5 Nxe5 11.Nxe5 Rxe5 12.Bd3
a6 13.f4 Re8 14.g4 b5 15.e5 dxe5 16.Qg2 Qd4 17.Qxa8 Bxg4 18.Qxa6
Qxf4+ 19.Kb1 Bxd1 20.Rxd1 e4 21.Bxb5 Re6 22.Rd8+ Kg7 23.Qa3 Rd6
24.Rxd6 cxd6 25.Qb4 Qd2 26.a4 d5 27.Na2 Qd1+ 28.Nc1 d4 29.Be2
Qg1 30.Qb8 Nd7 31.Qd6 1-0

[Event "DRUGA LIGA CENTRALNE SRBIJE 2013 - Istok"]
[Site "Zajecar"]
[Date "2013.10.11"]
[Round "2.45"]
[White "Petrovic, Petar R **"]
[Black "Madjar, Stanislav"]
[Result "0-1"]
[WhiteElo "1709"]
[BlackElo "2181"]
[PlyCount "0"]
[EventDate "2013.10.10"]

1.e4 Nf6 2.e5 Nd5 3.d4 d6 4.c4 Nb6 5.exd6 exd6 6.Nc3 Be7 7.Be2
O-O 8.Nf3 Bg4 9.b3 Re8 10.O-O Bf6 11.Be3 Nc6 12.Qd3 d5 13.Rad1
Qd7 14.Rfe1 Rad8 15.c5 Bf5 16.Qd2 Nc8 17.Bg5 Bxg5 18.Qxg5 N8e7
19.Bb5 f6 20.Qf4 a6 21.Bxc6 Nxc6 22.Ne2 Re4 23.Qd2 Bg4 24.Qc3
Bxf3 25.Qxf3 Rde8 26.Kf1 Qe6 27.Qd3 Nxd4 28.Rd2 Nxe2 29.Rexe2
Rxe2 30.Rxe2 Qxe2+ 31.Qxe2 Rxe2 32.Kxe2 Kf7 33.Kd3 Ke6 34.Kd4
c6 35.f3 Kf5 36.g3 h5 37.b4 g5 38.a4 Ke6 39.h3 Kf5 40.b5 axb5
41.axb5 h4 42.bxc6 bxc6 43.gxh4 gxh4 44.Ke3 0-1

[Event "DRUGA LIGA CENTRALNE SRBIJE 2013 - Istok"]
[Site "Zajecar"]
[Date "2013.10.11"]
[Round "2.47"]
[White "Milutinovic, Bojan"]
[Black "Milosevic, Jovana **"]
[Result "0-1"]
[WhiteElo "1766"]
[BlackElo "1931"]
[PlyCount "0"]
[EventDate "2013.10.10"]

1.e4 c5 2.Nf3 d6 3.d4 cxd4 4.Nxd4 Nf6 5.Nc3 a6 6.Bg5 e6 7.f4
Be7 8.Qf3 Qc7 9.O-O-O b5 10.Bxf6 Bxf6 11.e5 Bb7 12.exd6 Qb6 13.Qe3
O-O 14.Nf5 Nd7 15.Qxb6 Nxb6 16.Ne3 Rfd8 17.Rg1 Rac8 18.Ne2 Nd5
19.Nxd5 Bxd5 20.Kb1 Rxd6 21.Rd3 Rdc6 22.Rd2 Be4 23.Nc3 Bxc3 24.bxc3
Rxc3 25.Bd3 Bd5 26.Kb2 b4 27.g4 Ra3 28.Ra1 g6 29.f5 Kg7 30.h4
Rc5 31.fxg6 fxg6 32.g5 Rca5 33.Re2 Rxa2+ 34.Rxa2 Rxa2+ 35.Kb1
a5 36.Re5 Ra3 37.Re2 a4 38.Rh2 Rc3 39.h5 Bc4 40.Bxc4 Rxc4 41.hxg6
hxg6 42.Re2 Rg4 43.Re5 Kf7 44.Kb2 0-1

[Event "DRUGA LIGA CENTRALNE SRBIJE 2013 - Istok"]
[Site "Zajecar"]
[Date "2013.10.11"]
[Round "2.48"]
[White "Ilic, Aleksandar"]
[Black "Dinic, Vojislav"]
[Result "1-0"]
[WhiteElo "2120"]
[BlackElo "1968"]
[PlyCount "0"]
[EventDate "2013.10.10"]

1.e4 c5 2.Nf3 Nc6 3.d4 cxd4 4.Nxd4 Qc7 5.Nc3 e6 6.Be3 a6 7.Qd2
Nf6 8.f3 h6 9.O-O-O Bb4 10.a3 Ba5 11.Nb3 Bb6 12.Bf4 e5 13.Bg3
Nd4 14.Nxd4 Bxd4 15.Qxd4 exd4 16.Bxc7 dxc3 17.b3 b5 18.Be5 Bb7
19.Bxc3 O-O-O 20.Bxf6 gxf6 21.Rd6 Rde8 22.Rxf6 Re7 23.c4 Bc6
24.g3 Kc7 25.Bd3 h5 26.Rf5 Kb6 27.Kb2 Rh6 28.Rd1 f6 29.cxb5 axb5
30.Kc3 Re5 31.Rxe5 fxe5 32.f4 exf4 33.gxf4 Kc5 34.b4+ Kb6 35.Kd4
Kc7 36.Rg1 Rh8 37.Rg5 Kb6 38.f5 h4 39.f6 d6 40.Bc2 Kc7 41.Rg7+
Kd8 42.Bb3 Re8 43.Bd5 Bd7 44.Rh7 h3 45.Ke3 Rf8 46.Rh6 Kc8 47.Kf4
Kd8 48.Kg5 Ke8 49.Kg6 Kd8 50.Kg7 Ke8 51.Rh7 Rxf6 52.Kxf6 1-0

[Event "DRUGA LIGA CENTRALNE SRBIJE 2013 - Istok"]
[Site "Zajecar"]
[Date "2013.10.11"]
[Round "2.51"]
[White "Urosevic, Goran"]
[Black "Nikolic, Stanimir"]
[Result "0-1"]
[WhiteElo "2239"]
[BlackElo "2261"]
[PlyCount "0"]
[EventDate "2013.10.10"]

1.d4 d5 2.c4 c6 3.Nf3 Nf6 4.Nc3 e6 5.Bg5 Be7 6.e3 Qa5 7.Qc2 Nbd7
8.Bd3 h6 9.Bh4 dxc4 10.Bxc4 b5 11.Bb3 c5 12.dxc5 Nxc5 13.O-O
a6 14.Nd4 Bb7 15.Bxf6 Bxf6 16.Ncxb5 Qb6 17.Nc3 O-O 18.Rfd1 Rac8
19.Rac1 Rfd8 20.Nf3 Re8 21.Nd2 Qc6 22.f3 Bg5 23.Nf1 Re7 24.Bc4
Rec7 25.b3 Qb6 26.Qf2 Bf6 27.Nd2 Qb4 28.Ndb1 Nd7 29.Qd2 Nb6 30.Ne4
Be7 31.Qxb4 Bxb4 32.Ned2 Bd5 33.Kf2 Bxc4 34.Nxc4 Nxc4 35.bxc4
Rxc4 36.Rd8+ Rxd8 37.Rxc4 a5 38.a3 Bf8 39.Ra4 Rd1 40.Nc3 Rd2+
41.Ne2 Rd5 42.Nc3 Rc5 43.Ne4 Rc2+ 44.Kg3 f5 45.Nf2 g5 46.f4 Rc3
47.Kf3 Rxa3 48.Rc4 a4 49.Ke2 Ra2+ 50.Kf1 a3 51.Ra4 Rd2 0-1

[Event "DRUGA LIGA CENTRALNE SRBIJE 2013 - Istok"]
[Site "Zajecar"]
[Date "2013.10.11"]
[Round "2.52"]
[White "Bura, Goran"]
[Black "Madic, Zivko"]
[Result "1-0"]
[WhiteElo "2202"]
[BlackElo "2087"]
[PlyCount "0"]
[EventDate "2013.10.10"]

1.c4 Nf6 2.Nc3 g6 3.e4 d6 4.d4 Bg7 5.h3 O-O 6.Be3 e5 7.d5 a5
8.g4 Na6 9.Nge2 c6 10.Ng3 Ne8 11.h4 Bd7 12.g5 f5 13.gxf6 Nxf6
14.Be2 h5 15.f3 Kh7 16.Qd2 cxd5 17.exd5 Nc5 18.O-O-O e4 19.Ngxe4
Ncxe4 20.Nxe4 Nxe4 21.fxe4 Qe7 22.Rhg1 Rae8 23.Bd3 Rf3 24.e5
Bg4 25.Bxg6+ Kxg6 26.Qc2+ Kf7 27.e6+ Kg8 28.Bd4 Bh6+ 29.Kb1 Qh7
30.c5 Qxc2+ 31.Kxc2 Bf4 32.Rgf1 Rxf1 33.Rxf1 dxc5 34.Rxf4 cxd4
35.Kd3 Rf8 36.e7 Ra8 37.Kxd4 a4 38.a3 Bd7 39.Ke5 Kg7 40.Kd6 Be8
41.Rf8 b5 42.Rxe8 Rxe8 1-0

[Event "DRUGA LIGA CENTRALNE SRBIJE 2013 - Istok"]
[Site "Zajecar"]
[Date "2013.10.11"]
[Round "2.53"]
[White "Pantic, Dejan"]
[Black "Tosic, Nebojsa"]
[Result "0-1"]
[WhiteElo "1859"]
[BlackElo "2171"]
[PlyCount "0"]
[EventDate "2013.10.10"]

1.e4 c5 2.Nf3 e6 3.d4 cxd4 4.Nxd4 a6 5.Be2 Qc7 6.O-O b6 7.Be3
Bb7 8.f3 Nf6 9.Nd2 Bd6 10.h3 Bh2+ 11.Kh1 Nh5 12.Bf2 O-O 13.Re1
Bg3 14.Bxg3 Qxg3 15.Nf1 Qf2 16.Qd2 d5 17.Bd1 Ng3+ 18.Kh2 Nxf1+
19.Rxf1 Qxd2 0-1

[Event "DRUGA LIGA CENTRALNE SRBIJE 2013 - Istok"]
[Site "Zajecar"]
[Date "2013.10.11"]
[Round "2.54"]
[White "Njegic, Vladimir"]
[Black "Jakovljevic, Dejan"]
[Result "1-0"]
[WhiteElo "2160"]
[BlackElo "1940"]
[PlyCount "0"]
[EventDate "2013.10.10"]

1.d4 Nf6 2.c4 e5 3.dxe5 Ng4 4.Bf4 Nc6 5.Nf3 Bb4+ 6.Nc3 Qe7 7.Qb3
a5 8.a3 a4 9.Qc2 Ba5 10.e3 Ncxe5 11.Nxe5 Nxe5 12.Be2 f6 13.O-O
Bxc3 1-0

[Event "DRUGA LIGA CENTRALNE SRBIJE 2013 - Istok"]
[Site "Zajecar"]
[Date "2013.10.11"]
[Round "2.56"]
[White "Zivanovic, Zoran M"]
[Black "Stanisavljevic, Vladan"]
[Result "*"]
[WhiteElo "2026"]
[BlackElo "1815"]
[PlyCount "0"]
[EventDate "2013.10.10"]

1.e4 e6 2.d4 d5 3.exd5 exd5 4.Bd3 Nc6 5.Ne2 Bg4 6.f3 Bh5 7.Nbc3
Nf6 8.Bg5 Be7 9.g4 Bg6 10.h4 Qd7 11.h5 Bxd3 12.Qxd3 O-O-O 13.O-O-O
a6 14.Kb1 h6 15.Bf4 Bd6 16.g5 Nb4 17.Qd2 Bxf4 18.Qxf4 hxg5 19.Qxg5
Rhg8 20.a3 Nc6 21.h6 Nh7 22.Qd2 gxh6 23.Qd3 Nf8 24.Rxh6 Ng6 25.Na4
Nce5 26.dxe5 Qxa4 27.e6 Qe8 28.exf7 Qxf7 29.Nd4 Ne5 30.Qf5+ Qxf5
31.Nxf5 Rgf8 32.Ne7+ Kb8 33.Rxd5 Rxd5 34.Nxd5 Nxf3 35.Rh7 Rc8
36.b3 Ng5 37.Re7 b6 38.c4 Kb7 39.Kc2 a5 40.b4 axb4 41.axb4 Kb8
42.Kc3 Nf3 43.b5 Nh4 44.Rf7 Ng6 45.Nb4 Nf8 46.Re7 Ng6 47.Rg7
Nf8 48.Rg1 Kb7 49.Re1 Nd7 50.Nd5 Nc5 51.Re7 Na4+ 52.Kd4 Nc5 53.Rf7
Kb8 54.Nb4 Kb7 55.Re7 Nb3+ 56.Kc3 Nc5 57.Nc6 Rh8 58.Re3 Rg8 59.Kb4
Ra8 *